01488nam a22003737a 4500003000500000005001700005008004100022010001000063011001000073035001000083040000900093090001000102100003900112245006500151260004000216300002900256502008800285590003700373590004100410590004100451590004100492590004100533590004200574650002700616650003500643700004400678901000700722942000900729949004300738949005500781999001700836952013300853952012800986CHAP20220329140614.0971013s1995 r 00010 d a54662 a55634 a59786 cCHAP aTesis00aMaldonado Pérez, Hilario.970126 aDiseño de un dinamómetro para el enganche de tres puntos aChapingo, Méx. :bEl autor,c1995 a123 h.b: ilus. ; anexos aTesis (Ing. Mecánico Agrícola) -- UACH. Departamento de Ingeniería Mecánica aALEPHb10c20130110lUCH01h1332 aBATCH-UPDb10c20130110lUCH01h0642 aBATCH-UPDb10c20130110lUCH01h2340 aBATCH-UPDb10c20130410lUCH01h0327 aBATCH-UPDb10c20130914lUCH01h1203 aCONVERSIONb10c20130109lUCH01h132914aDinamómetros.93260914aInstrumentos de medida.9594890 aPallares Hernández, Guadalupe.984926 aBK cFOLL bBCcTESd-129157eTS1h28373i59786si bBCcTESd33724000040853eTS2fc.2h28374i59786si c54662d54662 00102local4053708TESISaBCbBCcPA_TESISd2019-12-31fTESISl0p33724000040853r2019-12-31 00:00:00tc.2w2019-12-31yTESIS 00102local4051708TESISaBCbBCcPA_TESISd2019-12-31fTESISl0oTesisp-129157r2019-12-31 00:00:00w2019-12-31yTESIS